[Event "East Lansing (Class DE/2/18)"]
[Site "?"]
[Date "1995.??.??"]
[Round "?"]
[White "Timberlake, B."]
[Black "Ware, C."]
[Result "0-1"]
[WhiteElo "1605"]
[BlackElo "1605"]
[PlyCount "44"]
[EventDate "1995.??.??"]

{2/(18)} 1. e4 e6 2. Nf3 d5 3. c3 dxe4 4. Ne5 Bd6 5. Nc4 Be7 6. d3 exd3 7. Bxd3
Nf6 8. Nbd2 Qxd3 9. Ne3 O-O 10. Qf3 Nc6 11. a3 e5 12. h3 Be6 13. b4 e4 14. Qd1
Qxc3 15. Nc2 Rad8 16. O-O Bb3 17. Nb1 Qxc2 18. Bd2 Qxd1 19. Be3 Qxf1+ 20. Kxf1
Rd1+ 21. Ke2 Rfd8 22. Bd2 Nd4+ 0-1

[Event "Detroit (MI Action/5/13)"]
[Site "?"]
[Date "1995.??.??"]
[Round "?"]
[White "Timberlake, B."]
[Black "Mahabir, Jagdesh"]
[Result "0-1"]
[WhiteElo "1605"]
[BlackElo "1605"]
[PlyCount "86"]
[EventDate "1995.??.??"]

{5/(13)} 1. e4 d6 2. d4 Nf6 3. Nc3 g6 4. Bc4 Bg7 5. Bxf7+ Kxf7 6. Nd5 c6 7.
Nxf6 exf6 8. c3 Re8 9. Be3 Kg8 10. Qb3+ Kh8 11. Rd1 Rxe4 12. Ne2 b6 13. Ng3 Re8
14. O-O Be6 15. c4 d5 16. c5 bxc5 17. Bf4 Qb6 18. Rd3 c4 19. Qxb6 axb6 20. a3
Bf7 21. Rc3 f5 22. Be3 c5 23. Ra1 cxd4 24. Bxd4 Bxd4 25. Rc2 Nc6 26. Ne2 Bg7
27. Kf1 Nd4 28. Nxd4 Bxd4 29. Rac1 Bf6 30. Rd1 d4 31. f3 c3 32. b3 Bxb3 33.
Rdc1 Bg5 34. Kf2 Bxc2 35. Rxc2 Be3+ 36. Ke2 Rxa3 37. Kd3 b5 38. Re2 c2+ 39.
Kxc2 Ra2+ 40. Kd1 Rxe2 41. Kxe2 Rc8 42. h4 Rc2+ 43. Kf1 b4 0-1

[Event "East Lansing (Class DE/3/20)"]
[Site "?"]
[Date "1995.??.??"]
[Round "?"]
[White "Timberlake, B."]
[Black "Andreas, L."]
[Result "0-1"]
[WhiteElo "1605"]
[BlackElo "1605"]
[PlyCount "66"]
[EventDate "1995.??.??"]

{3/(20)} 1. e4 c5 2. e5 Nc6 3. f4 d6 4. h4 dxe5 5. Qf3 Nd4 6. Qe4 exf4 7. Nh3
Nf6 8. Qd3 Bf5 9. Qc4 Nxc2+ 10. Kf2 Qd4+ 11. Qxd4 cxd4 12. Ng5 e5 13. Bb5+ Bd7
14. Bc4 Ng4+ 15. Kf3 Nf6 16. d3 Bc6+ 17. Kf2 Ng4+ 18. Ke2 O-O-O 19. Nxf7 Re8
20. Nxh8 e4 21. Bxf4 exd3+ 22. Kxd3 Nxa1 23. Bg3 Bc5 24. Rf1 Re3+ 25. Kd2 Rxg3
26. Be6+ Kc7 27. Bxg4 Rxg4 28. Na3 Rxg2+ 29. Kc1 Bxa3 30. bxa3 Nc2 31. Nf7 Nxa3
32. Re1 Rxa2 33. Re4 Bxe4 0-1

[Event "Flint (MI Senior/2/4)"]
[Site "?"]
[Date "1995.??.??"]
[Round "?"]
[White "Thurman, John"]
[Black "Swartz, J."]
[Result "1-0"]
[WhiteElo "1750"]
[BlackElo "1605"]
[PlyCount "89"]
[EventDate "1995.??.??"]

{2/(4)} 1. e4 c5 2. Nf3 d6 3. d4 cxd4 4. Nxd4 Nf6 5. Nc3 a6 6. f4 e5 7. Nf3 Nc6
8. fxe5 dxe5 9. Be3 Be6 10. Be2 Bb4 11. Qd3 Qxd3 12. cxd3 Ng4 13. Bb6 O-O 14.
O-O Nf6 15. Na4 Nd7 16. Be3 b5 17. Rfc1 Rac8 18. Nb6 Nxb6 19. Bxb6 Bg4 20. h3
Bxf3 21. Bxf3 Bd2 22. Rc2 Ba5 23. Rxc6 Rxc6 24. Bxa5 Rc2 25. Bc3 b4 26. Bd1
bxc3 27. Bxc2 cxb2 28. Rb1 Rb8 29. Bb3 a5 30. Rxb2 Rb7 31. Rc2 g6 32. Bd5 Rb1+
33. Kf2 Kg7 34. Rc7 Rb2+ 35. Kf3 Rd2 36. Bc4 Rd1 37. Rxf7+ Kh6 38. Kg3 Rb1 39.
h4 Rb2 40. Re7 a4 41. Bg8 g5 42. Rxh7+ Kg6 43. h5+ Kf6 44. Rf7+ Ke6 45. Rf2+
1-0

[Event "Grand Rapids (MI Am/4/5)"]
[Site "?"]
[Date "1995.??.??"]
[Round "?"]
[White "Thurman, John"]
[Black "Hater, David"]
[Result "1-0"]
[WhiteElo "1750"]
[BlackElo "1925"]
[PlyCount "57"]
[EventDate "1995.??.??"]

{4/(5)} 1. c4 Nf6 2. Nc3 d5 3. cxd5 Nxd5 4. Nf3 g6 5. g3 Bg7 6. Bg2 O-O 7. O-O
c6 8. Nxd5 cxd5 9. d4 Nc6 10. Be3 Qb6 11. Qd2 Rd8 12. Rfd1 Bf5 13. Rac1 Be4 14.
Ne5 Rac8 15. Nxc6 Rxc6 16. Bxe4 dxe4 17. Rxc6 Qxc6 18. Qc3 Qa4 19. b3 Qxa2 20.
Ra1 Qxe2 21. Qc7 Re8 22. Qxb7 a5 23. Qxe4 Qb2 24. Rxa5 Qxb3 25. Qc6 Rb8 26. Ra8
Bf8 27. Bf4 Rxa8 28. Qxa8 e6 29. Bd6 1-0

[Event "Grand Rapids (MI Am/3/11)"]
[Site "?"]
[Date "1995.??.??"]
[Round "?"]
[White "Thurman, John"]
[Black "Atkins, R."]
[Result "1-0"]
[WhiteElo "1750"]
[BlackElo "1605"]
[PlyCount "57"]
[EventDate "1995.??.??"]

{3/(11)} 1. c4 e5 2. Nc3 Bb4 3. Nd5 Nc6 4. Nxb4 Nxb4 5. a3 Na6 6. b4 Ne7 7. Bb2
d6 8. d3 O-O 9. Nf3 Re8 10. Qb3 Ng6 11. h4 e4 12. Ng5 Nxh4 13. Nxe4 Bf5 14. Qc3
Re5 15. f4 Bxe4 16. dxe4 Rg5 17. fxg5 Qxg5 18. Qxg7+ Qxg7 19. Bxg7 Nxg2+ 20.
Bxg2 Kxg7 21. e5 Rb8 22. exd6 cxd6 23. Rd1 Nc7 24. Rxd6 b5 25. c5 Ne6 26. c6
Rc8 27. Bh3 Rc7 28. Bxe6 fxe6 29. Rd7+ 1-0

[Event "Grand Rapids (MI Am/4/42)"]
[Site "?"]
[Date "1995.??.??"]
[Round "?"]
[White "Threloff, N."]
[Black "Nolan, Robert"]
[Result "1-0"]
[WhiteElo "1605"]
[BlackElo "1605"]
[PlyCount "73"]
[EventDate "1995.??.??"]

{4/(42)} 1. e4 d6 2. d4 Nf6 3. Nc3 e5 4. dxe5 dxe5 5. Qxd8+ Kxd8 6. Nf3 Bd6 7.
Bg5 Nbd7 8. Rd1 b6 9. Bc4 Rf8 10. Bxf6+ Nxf6 11. Nxe5 Bb7 12. Nxf7+ Ke7 13.
Nxd6 cxd6 14. O-O Nxe4 15. Nxe4 Bxe4 16. Rfe1 Rf4 17. f3 Kf6 18. Rxe4 Rxe4 19.
fxe4 Ke5 20. Rd5+ Ke6 21. Rh5+ Kf6 22. Rxh7 Rc8 23. Bb3 Re8 24. Bd5 Ke5 25.
Rxg7 Rf8 26. Rxa7 Kd4 27. Rf7 Rc8 28. c4 b5 29. b3 bxc4 30. bxc4 Ke3 31. h4 Rb8
32. Rf3+ Kd4 33. Rh3 Ke5 34. a4 Kf6 35. h5 Kg7 36. h6+ Kh7 37. a5 1-0

[Event "Grand Rapids (MI Am/5/31)"]
[Site "?"]
[Date "1995.??.??"]
[Round "?"]
[White "Threloff, N."]
[Black "Moulter, Art"]
[Result "1-0"]
[WhiteElo "1605"]
[BlackElo "1605"]
[PlyCount "141"]
[EventDate "1995.??.??"]

{5/(31)} 1. e4 e5 2. Nf3 Nc6 3. Bb5 a6 4. Ba4 Nf6 5. O-O b5 6. Bb3 Bc5 7. Nxe5
Nxe5 8. d4 Bxd4 9. Qxd4 Nc6 10. Qd3 d6 11. Bg5 Ne5 12. Qd1 Be6 13. Nc3 h6 14.
Bh4 Ng6 15. Bxf6 Qxf6 16. Bd5 Rb8 17. Bc6+ Bd7 18. Bxd7+ Kxd7 19. Qg4+ Qe6 20.
Qxe6+ fxe6 21. f4 Rhf8 22. Ne2 Rb6 23. Rad1 Rc6 24. Nd4 Rxf4 25. Rxf4 Nxf4 26.
Nxc6 Kxc6 27. Rf1 e5 28. Rf2 Kd7 29. Kh1 Ke7 30. a3 a5 31. b3 c6 32. h4 g6 33.
g3 Ne6 34. b4 a4 35. c3 c5 36. g4 c4 37. Kg2 Nf4+ 38. Kh2 g5 39. hxg5 hxg5 40.
Kg3 Kf6 41. Rh2 Kg7 42. Rd2 Nd3 43. Kf3 Kf6 44. Rh2 Kg7 45. Rd2 Kg6 46. Ke3 Kf6
47. Rd1 Kg6 48. Rh1 Kg7 49. Rh2 Nf4 50. Rd2 Nd3 51. Rxd3 cxd3 52. Kxd3 Kf7 53.
c4 bxc4+ 54. Kxc4 Ke7 55. b5 Kd7 56. Kd5 Kc7 57. b6+ Kxb6 58. Kxd6 Kb7 59. Kxe5
Kc7 60. Ke6 Kd8 61. e5 Ke8 62. Kf6 Kf8 63. e6 Ke8 64. Kxg5 Ke7 65. Kf5 Ke8 66.
Kf6 Kf8 67. e7+ Ke8 68. g5 Kd7 69. Kf7 Kd6 70. e8=Q Kc5 71. Qxa4 1-0

[Event "Grand Rapids (MI Am/2/39)"]
[Site "?"]
[Date "1995.??.??"]
[Round "?"]
[White "Threloff, N."]
[Black "Dumas, Steve"]
[Result "0-1"]
[WhiteElo "1605"]
[BlackElo "1605"]
[PlyCount "80"]
[EventDate "1995.??.??"]

{2/(39)} 1. e4 e5 2. Nf3 f5 3. Nc3 c6 4. Bc4 fxe4 5. Nxe5 d5 6. Qh5+ g6 7. Nxg6
hxg6 8. Qxh8 Nf6 9. Bb3 Be6 10. Qh4 Bg7 11. d3 Nbd7 12. dxe4 Qe7 13. O-O O-O-O
14. Re1 Bf5 15. Be3 dxe4 16. Rad1 Rh8 17. Qf4 Ne5 18. Bc5 Qxc5 19. Qd2 Qe7 20.
Qd4 b6 21. Na4 Nfd7 22. Qe3 Ng4 23. Qg3 Be5 24. Qxe5 Qxe5 25. h3 Nh2 26. Re3 g5
27. Rg3 Nf6 28. Rxg5 e3 29. Re1 exf2+ 30. Kxf2 Qf4+ 31. Kg1 Qxg5 32. Kxh2 Ne4
33. Be6+ Bxe6 34. Rxe4 Bd5 35. Re2 Qf4+ 36. Kg1 Qxa4 37. a3 Qd4+ 38. Kf1 Rf8+
39. Ke1 Qxb2 40. c4 Qc1# 0-1

[Event "Troy (TCC Res/5/2)"]
[Site "?"]
[Date "1995.??.??"]
[Round "?"]
[White "Thornton, Rome"]
[Black "Zubatch, Steve"]
[Result "0-1"]
[WhiteElo "1605"]
[BlackElo "1700"]
[PlyCount "92"]
[EventDate "1995.??.??"]

{5/(2)} 1. e4 g6 2. f4 d6 3. Nf3 Bg7 4. Bc4 Nf6 5. Nc3 c5 6. O-O O-O 7. d4 cxd4
8. Nxd4 Qc7 9. Bb3 a6 10. f5 Nc6 11. Kh1 Nxe4 12. Nxc6 Nxc3 13. Nxe7+ Qxe7 14.
bxc3 Bxf5 15. Ba3 Rfd8 16. Qd2 Qc7 17. Bb2 Rac8 18. Rf3 Be6 19. Raf1 d5 20. Qf2
b5 21. Rd3 Qc6 22. Qf3 Rd7 23. Rfd1 Rcd8 24. Bc1 h6 25. Bf4 a5 26. a3 a4 27.
Ba2 Qc5 28. Bc1 h5 29. h3 Kh7 30. Bg5 Rc8 31. Bc1 Bxc3 32. Bxd5 Bxd5 33. Rxd5
Rxd5 34. Rxd5 Qe7 35. Be3 Bg7 36. Rxb5 Rc3 37. Rb7 Qxe3 38. Qxf7 Qe1+ 39. Kh2
Qe5+ 40. Kg1 Rxc2 41. Rb1 Qe2 42. Qf3 Qxf3 43. gxf3 Rc3 44. Ra1 Rxf3 45. Ra2
Rxh3 46. Kg2 Rb3 0-1

[Event "Troy (TCC Res/1/2)"]
[Site "?"]
[Date "1995.??.??"]
[Round "?"]
[White "Thornton, Rome"]
[Black "Walquist, Elaine"]
[Result "1-0"]
[WhiteElo "1605"]
[BlackElo "1775"]
[PlyCount "71"]
[EventDate "1995.??.??"]

{1/(2)} 1. e4 c6 2. Nf3 d5 3. e5 Bg4 4. d4 e6 5. Bd3 c5 6. h3 Bxf3 7. Bb5+ Nc6
8. gxf3 Qb6 9. Bxc6+ bxc6 10. c3 cxd4 11. cxd4 Bb4+ 12. Nc3 Ne7 13. Rg1 Nf5 14.
a3 Be7 15. Ne2 O-O 16. Rb1 Bxa3 17. Bg5 Bb4+ 18. Kf1 Be7 19. Bxe7 Nxe7 20. Rg4
g6 21. Nf4 Kh8 22. Qd2 Nf5 23. Rd1 Rab8 24. Nd3 Nxd4 25. Qg5 f6 26. exf6 Nf5
27. Ne5 Qc7 28. Re1 Rg8 29. f7 Rg7 30. Qf6 Qe7 31. Nxg6+ hxg6 32. Rh4+ Nxh4 33.
Qxe7 Nf5 34. f8=Q+ Rxf8 35. Qxf8+ Kh7 36. Rxe6 1-0

[Event "East Lansing (Class B/1/1)"]
[Site "?"]
[Date "1995.??.??"]
[Round "?"]
[White "Thornton, Rome"]
[Black "Moore, Robert"]
[Result "1-0"]
[WhiteElo "1780"]
[BlackElo "1705"]
[PlyCount "47"]
[EventDate "1995.??.??"]

{1/(1)} 1. e4 c5 2. f4 d6 3. Nf3 a6 4. a4 Nc6 5. Bc4 e6 6. Nc3 Be7 7. O-O Nf6
8. Kh1 O-O 9. d4 cxd4 10. Nxd4 Qb6 11. Be3 Qxb2 12. Qd2 Qb4 13. Be2 Qa5 14.
Rab1 Qc7 15. f5 Bd7 16. g4 Nxd4 17. Bxd4 Rac8 18. g5 e5 19. gxf6 Bxf6 20. Nd5
Qxc2 21. Nxf6+ Kh8 22. Qxc2 Rxc2 23. Nxd7 Rd8 24. Bd1 1-0

[Event "Troy (TCC Res/2/7)"]
[Site "?"]
[Date "1995.??.??"]
[Round "?"]
[White "Thornton, Rome"]
[Black "Jones, G."]
[Result "1-0"]
[WhiteElo "1605"]
[BlackElo "1665"]
[PlyCount "110"]
[EventDate "1995.??.??"]

{2/(7)} 1. e4 c6 2. Nf3 d5 3. e5 Bg4 4. d4 e6 5. Be2 Ne7 6. Bg5 Qb6 7. b3 Ng6
8. O-O Nd7 9. Nc3 c5 10. Na4 Qc7 11. c3 a6 12. h3 Bxf3 13. Bxf3 b5 14. Nb2 c4
15. bxc4 bxc4 16. Qa4 Ra7 17. Rab1 Be7 18. Bd2 O-O 19. Nd1 Rb8 20. Ne3 a5 21.
Ng4 Nb6 22. Qc2 a4 23. Be2 a3 24. f4 Nh4 25. Ne3 g6 26. g4 Na4 27. Rxb8+ Qxb8
28. f5 Nb2 29. f6 Bf8 30. Be1 g5 31. Bxh4 gxh4 32. Ng2 Bh6 33. Nxh4 Rb7 34. Nf3
Be3+ 35. Kh1 Bh6 36. g5 Bf8 37. Rg1 Qe8 38. Rg4 Na4 39. Rh4 h6 40. gxh6 Rb2 41.
Qc1 Nxc3 42. Qxc3 Rxe2 43. Ng5 Bxh6 44. Rxh6 Qb5 45. Rh8+ Kxh8 46. Nxf7+ Kh7
47. Qc1 Rh2+ 48. Kg1 Rg2+ 49. Kh1 Rg6 50. Ng5+ Kg8 51. Nxe6 Qb2 52. Qf1 Qg2+
53. Qxg2 Rxg2 54. Kxg2 Kf7 55. Nf4 Ke8 1-0

[Event "East Lansing (Class B/3/1)"]
[Site "?"]
[Date "1995.??.??"]
[Round "?"]
[White "Thornton, Rome"]
[Black "Carr, J."]
[Result "0-1"]
[WhiteElo "1780"]
[BlackElo "1725"]
[PlyCount "99"]
[EventDate "1995.??.??"]

{3/(1)} 1. e4 c5 2. f4 Nf6 3. Nc3 d5 4. exd5 Nxd5 5. d4 Nxc3 6. bxc3 e6 7. Nf3
Be7 8. Bd3 Nd7 9. O-O Nf6 10. Be3 Qc7 11. Ne5 O-O 12. Qf3 Nd5 13. Bd2 Bf6 14.
g4 Bxe5 15. dxe5 c4 16. Be4 Qc5+ 17. Kh1 Bd7 18. f5 f6 19. Qh3 exf5 20. gxf5
Bc6 21. e6 Ne7 22. Qg2 Bxe4 23. Qxe4 Qc6 24. Rae1 Rac8 25. h4 Qxe4+ 26. Rxe4
Rfd8 27. Be3 b6 28. Kg2 Rd5 29. Rff4 Nxf5 30. Bf2 Nd6 31. Re2 Nf5 32. Rfe4 Ne7
33. Bg3 b5 34. a3 a6 35. Rd4 Rcd8 36. Red2 Rxd4 37. Rxd4 Rxd4 38. cxd4 Nc8 39.
Kf3 Kf8 40. Ke4 Ke7 41. d5 g6 42. Kd4 f5 43. Bf4 Nd6 44. Bg5+ Ke8 45. Ke5 Ne4
46. Be3 a5 47. d6 Nxd6 48. Kxd6 b4 49. axb4 axb4 50. Bc1 0-1

[Event "Detroit (MI Action/1/1)"]
[Site "?"]
[Date "1995.??.??"]
[Round "?"]
[White "Thompson, Dexter"]
[Black "Zuniga, Jesus"]
[Result "1-0"]
[WhiteElo "2225"]
[BlackElo "1605"]
[PlyCount "81"]
[EventDate "1995.??.??"]

{1/(1)} 1. e4 e6 2. d4 d5 3. e5 c5 4. c3 Nc6 5. Bd3 Qb6 6. Nf3 Bd7 7. dxc5 Bxc5
8. O-O f5 9. Nbd2 Qc7 10. Nb3 Bb6 11. Bf4 Nge7 12. Nbd4 h6 13. Nb5 Qb8 14. Nd6+
Kf8 15. Bg3 Bc7 16. Re1 a6 17. h4 g6 18. c4 Nb4 19. Bb1 Kg7 20. a3 Nbc6 21. Ba2
dxc4 22. Bxc4 Rd8 23. b4 b5 24. Bb3 Qa7 25. Qd2 a5 26. Qa2 axb4 27. Nxb5 Qb6
28. Nxc7 Qxc7 29. a4 Kf7 30. Rac1 Qa5 31. Red1 Bc8 32. Rxd8 Nxd8 33. Bf4 Kg7
34. Qd2 Ng8 35. Qd6 Nf7 36. Qc7 Qxc7 37. Rxc7 Kf8 38. Nd4 Nd8 39. Bd2 Rb8 40.
Nb5 Nf7 41. Bxb4+ 1-0

[Event "Eastpointe (EDO/3/1)"]
[Site "?"]
[Date "1995.??.??"]
[Round "?"]
[White "Thompson, Dexter"]
[Black "Williams, Ron"]
[Result "1-0"]
[WhiteElo "2210"]
[BlackElo "1920"]
[PlyCount "62"]
[EventDate "1995.??.??"]

{3/(1)} 1. e4 c5 2. d4 cxd4 3. c3 dxc3 4. Nxc3 e6 5. Bc4 Qc7 6. Qe2 a6 7. Nf3
Nc6 8. O-O Nge7 9. Be3 Rb8 10. Rac1 Ng6 11. h4 Be7 12. g3 Qa5 13. Nd4 h5 14. a3
b5 15. Ba2 Nce5 16. Nb3 Qd8 17. Bd4 Bb7 18. Nc5 Bf6 19. Rcd1 Qc8 20. b4 Bc6 21.
f4 Ng4 22. e5 Be7 23. f5 Ba8 24. fxg6 f6 25. exf6 gxf6 26. Bb1 O-O 27. g7 Rf7
28. Bg6 Rxg7 29. Bxh5 Bxc5 30. Bxc5 Ne5 31. Kh2 Qc7 1-0

[Event "East Lansing (MI Op/2/3)"]
[Site "?"]
[Date "1995.??.??"]
[Round "?"]
[White "Thompson, Dexter"]
[Black "Smith, Walt"]
[Result "0-1"]
[WhiteElo "2265"]
[BlackElo "2045"]
[PlyCount "94"]
[EventDate "1995.??.??"]

{2/(3)} 1. e4 c5 2. d4 cxd4 3. c3 Nf6 4. e5 Nd5 5. cxd4 d6 6. Nf3 Nc6 7. Nc3
Nxc3 8. bxc3 dxe5 9. d5 e4 10. Ng5 Ne5 11. Nxe4 g6 12. Bg5 h6 13. Bb5+ Bd7 14.
Nd6+ exd6 15. Bxd8 Bxb5 16. Bf6 Rg8 17. c4 Bxc4 18. Qd4 Rc8 19. Kd2 Rc5 20. Ke3
Rxd5 21. f4 Ng4+ 22. Kf3 Rxd4 23. Bxd4 h5 24. Bxa7 Be7 25. a4 Kd7 26. Rhd1
Nxh2+ 27. Kg3 Ng4 28. Rab1 Ba6 29. Rbc1 h4+ 30. Kf3 f5 31. Bb6 Nf6 32. Rc7+ Ke6
33. a5 Ne4 34. Rdc1 g5 35. Rc8 Rg6 36. Re8 Kd7 37. Rb8 g4+ 38. Ke3 Nc5 39. Bxc5
dxc5 40. Rd1+ Bd6 41. Rh8 Kc6 42. Rc8+ Kb5 43. Rd5 Bxf4+ 44. Kf2 Re6 45. Rdxc5+
Kb4 46. Rxf5 Bg3+ 47. Kg1 Re1+ 0-1

[Event "Eastpointe (MCO/6/5)"]
[Site "?"]
[Date "1995.??.??"]
[Round "?"]
[White "Thompson, Dexter"]
[Black "Smith, Walt"]
[Result "1-0"]
[WhiteElo "2370"]
[BlackElo "2045"]
[PlyCount "71"]
[EventDate "1995.??.??"]

{6/(5)} 1. e4 c5 2. d4 Nc6 3. Nf3 cxd4 4. c3 dxc3 5. Nxc3 e6 6. Bc4 a6 7. O-O
Qc7 8. Qe2 d6 9. Bf4 Nf6 10. Rac1 Be7 11. Rfd1 e5 12. Bg5 Be6 13. Nd5 Qd8 14.
Bxf6 gxf6 15. Qe3 f5 16. exf5 Bxf5 17. Qh6 Rg8 18. Ne3 Bf8 19. Qh5 Bg6 20. Qh3
Qc8 21. Qg3 Qd8 22. Bd5 Ne7 23. Nxe5 dxe5 24. Bxf7+ Bxf7 25. Rxd8+ Rxd8 26.
Qxe5 Bh6 27. Nf5 Bg5 28. Re1 Kf8 29. Nxe7 Re8 30. Nxg8 Rxe5 31. Rxe5 Bc1 32.
Nf6 Bg6 33. Nd7+ Kf7 34. b3 Bf4 35. Re1 Bd6 36. Ne5+ 1-0

[Event "Ann Arbor (Mini-Swiss/3/1)"]
[Site "?"]
[Date "1995.??.??"]
[Round "?"]
[White "Thompson, Dexter"]
[Black "Santiago, Reynaldo"]
[Result "1-0"]
[WhiteElo "2345"]
[BlackElo "1965"]
[PlyCount "91"]
[EventDate "1995.??.??"]

{3/(1)} 1. e4 g6 2. d4 Bg7 3. Nc3 c5 4. d5 d6 5. Bd3 Nf6 6. Bg5 h6 7. Be3 O-O
8. Qd2 Kh7 9. f3 a6 10. a4 e6 11. Nge2 exd5 12. exd5 Re8 13. O-O Qe7 14. Bf2
Nbd7 15. Rae1 Ne5 16. Ng3 Qc7 17. Be2 b6 18. h3 Bb7 19. f4 Ned7 20. Bc4 b5 21.
axb5 Nb6 22. b3 axb5 23. Nxb5 Qd7 24. Nc3 Nxc4 25. bxc4 Rxe1 26. Rxe1 Re8 27.
f5 Rxe1+ 28. Bxe1 gxf5 29. Qf4 Bc8 30. Nb5 Bf8 31. Bc3 Ne4 32. Nxe4 fxe4 33.
Qxe4+ f5 34. Qh4 Qe7 35. Qg3 Qg5 36. Qe1 Qe7 37. Kf1 Kg6 38. Qxe7 Bxe7 39. Bd2
Ba6 40. Bf4 h5 41. Ke2 Kf7 42. Kd3 Bxb5 43. cxb5 h4 44. b6 Bd8 45. Bxd6 Bxb6
46. Kc4 1-0

[Event "Detroit (CMS Jun/3/1/3)"]
[Site "?"]
[Date "1995.??.??"]
[Round "?"]
[White "Thompson, Dexter"]
[Black "Rosenberg, Steve"]
[Result "1-0"]
[WhiteElo "2210"]
[BlackElo "1725"]
[PlyCount "113"]
[EventDate "1995.??.??"]

{3/1} 1. e4 d5 2. exd5 Qxd5 3. Nc3 Qa5 4. d4 e5 5. d5 Bb4 6. Bd2 Nf6 7. Bc4 c6
8. a3 Be7 9. Qe2 Qc7 10. Nf3 Bg4 11. Qxe5 Qxe5+ 12. Nxe5 Bf5 13. d6 Bd8 14.
Nxf7 Rf8 15. Ng5 Bxc2 16. O-O Kd7 17. Bf4 Bb6 18. Rae1 Ne4 19. Be6+ Ke8 20. Bg3
Nxg5 21. Bc8+ Kd8 22. Bxb7 Bd3 23. Re5 h6 24. Rd1 Nd7 25. Re7 Rb8 26. Bxc6 Bf5
27. Rxg7 Bg4 28. Re1 Nf6 29. d7 Nxd7 30. Bxd7 Bxd7 31. Nd5 Bd4 32. Rge7 Rxb2
33. Bc7+ Kc8 34. Rc1 Bxf2+ 35. Kh1 Bc5 36. Bd6 Rc2 37. Ree1 Rff2 38. Bxc5 Rxg2
39. Bd6 Bh3 40. Ne3 Ne4 41. Rxc2+ Rxc2 42. Nxc2 Nxd6 43. Re3 Bf5 44. Nd4 Bd7
45. Kg1 Kb7 46. Re7 Kc8 47. Rh7 Nc4 48. Nc2 Bf5 49. Rxh6 Kb7 50. Nd4 Bd7 51.
Rh7 Kc8 52. Nc2 Bf5 53. Rh4 Ne5 54. Nd4 Bd7 55. Rh5 Nc4 56. Rc5+ Kd8 57. Rxc4
1-0

[Event "Detroit (WCO/5/1)"]
[Site "?"]
[Date "1995.??.??"]
[Round "?"]
[White "Thompson, Dexter"]
[Black "Rajlich, Vasik"]
[Result "1-0"]
[WhiteElo "2250"]
[BlackElo "2220"]
[PlyCount "55"]
[EventDate "1995.??.??"]

{5/(1)} 1. d4 d5 2. c4 e6 3. Nc3 c6 4. Nf3 dxc4 5. a4 Bb4 6. e3 b5 7. Bd2 Qe7
8. axb5 Bxc3 9. Bxc3 cxb5 10. d5 Nf6 11. d6 Qb7 12. b3 cxb3 13. Qxb3 Bd7 14.
Bxf6 gxf6 15. Qc3 Rg8 16. Qxf6 Kf8 17. Ng5 Rxg5 18. Qe7+ Kg7 19. Qxg5+ Kh8 20.
Qf6+ Kg8 21. h4 Qe4 22. Rh3 Qb4+ 23. Kd1 Qxd6+ 24. Ke2 Qc7 25. Rg3+ Kf8 26. Rc1
Nc6 27. Rg7 Be8 28. Rxh7 1-0

[Event "Eastpointe (MCO/2/19)"]
[Site "?"]
[Date "1995.??.??"]
[Round "?"]
[White "Thompson, Dexter"]
[Black "Nikitin, Matt"]
[Result "1-0"]
[WhiteElo "2370"]
[BlackElo "1605"]
[PlyCount "57"]
[EventDate "1995.??.??"]

{2/(19)} 1. e4 e5 2. Nf3 Nc6 3. d4 d6 4. dxe5 dxe5 5. Qxd8+ Nxd8 6. Nxe5 Nc6 7.
Bb5 Nf6 8. Nxc6 bxc6 9. Bxc6+ Bd7 10. Bxa8 Bc5 11. Bg5 Ng4 12. O-O O-O 13. Bd5
h6 14. Bh4 Re8 15. h3 Ne5 16. Bg3 Bd4 17. Bxe5 Bxe5 18. Nc3 Bxc3 19. bxc3 c6
20. Bc4 Rxe4 21. Rad1 Rxc4 22. Rxd7 Rxc3 23. Rxa7 Rxc2 24. Rd1 c5 25. Rdd7 Rc1+
26. Kh2 c4 27. Rxf7 Kh7 28. Rxg7+ Kh8 29. Rgb7 1-0

[Event "Ann Arbor (Mini-Swiss/1/1)"]
[Site "?"]
[Date "1995.??.??"]
[Round "?"]
[White "Thompson, Dexter"]
[Black "Marson, Michael"]
[Result "1-0"]
[WhiteElo "2345"]
[BlackElo "1605"]
[PlyCount "43"]
[EventDate "1995.??.??"]

{1/(1)} 1. e4 e6 2. d4 d5 3. e5 c5 4. c3 Nc6 5. Bd3 cxd4 6. cxd4 Bb4+ 7. Nc3
Qb6 8. Nf3 Bd7 9. O-O Nxd4 10. Be3 Nxf3+ 11. Qxf3 Qd8 12. Qg4 g6 13. Qxb4 Ne7
14. Bg5 Nc6 15. Qxb7 Qc8 16. Qxc8+ Rxc8 17. Bh6 Rg8 18. Nb5 Nxe5 19. Nd6+ Kd8
20. Nxc8 Nxd3 21. Nxa7 Nxb2 22. Rfb1 1-0

[Event "Eastpointe (MCO/3/9)"]
[Site "?"]
[Date "1995.??.??"]
[Round "?"]
[White "Thompson, Dexter"]
[Black "Libby, Dan"]
[Result "1-0"]
[WhiteElo "2370"]
[BlackElo "1740"]
[PlyCount "85"]
[EventDate "1995.??.??"]

{3/(9)} 1. e4 c5 2. d4 e6 3. c3 d5 4. e5 cxd4 5. cxd4 Bb4+ 6. Bd2 Qb6 7. Nf3
Nc6 8. Be2 Bd7 9. a3 Bxd2+ 10. Qxd2 Nge7 11. Nc3 Nf5 12. Na4 Qa5 13. Nc3 Qb6
14. Na4 Qa5 15. Qxa5 Nxa5 16. Nc5 b6 17. Nxd7 Kxd7 18. g4 Nb3 19. Rd1 Ne7 20.
Ng5 Raf8 21. Bb5+ Kc7 22. Rd3 Na5 23. Rf3 h5 24. Rxf7 Rxf7 25. Nxf7 Rf8 26. Ng5
Rc8 27. Ba6 Rg8 28. Nxe6+ Kd7 29. Nf4 hxg4 30. Rg1 Nb3 31. Bb5+ Kc8 32. Ne6 a6
33. Bxa6+ Kd7 34. Rg3 Kxe6 35. Rxb3 Rb8 36. Be2 Kf5 37. Rg3 Rh8 38. Rxg4 Rxh2
39. Rxg7 Nc6 40. Bd3+ Kf4 41. Rf7+ Kg5 42. e6 Nxd4 43. e7 1-0

[Event "Eastpointe (EDO/1/17)"]
[Site "?"]
[Date "1995.??.??"]
[Round "?"]
[White "Thompson, Dexter"]
[Black "Jackson, J."]
[Result "1-0"]
[WhiteElo "2210"]
[BlackElo "1800"]
[PlyCount "51"]
[EventDate "1995.??.??"]

{1/(17)} 1. e4 e5 2. Nf3 Nc6 3. d4 exd4 4. c3 dxc3 5. Bc4 d6 6. Nxc3 Nf6 7. Ng5
Ne5 8. Bb3 h6 9. f4 hxg5 10. fxe5 dxe5 11. Bxf7+ Ke7 12. Qb3 Qd6 13. Bxg5 Be6
14. Bxe6 Qxe6 15. Qxb7 Qc8 16. Qd5 Ke8 17. Qxe5+ Be7 18. Nd5 Nxd5 19. exd5 Qd7
20. O-O Kd8 21. Rf7 Re8 22. Re1 Bxg5 23. Rxd7+ Kxd7 24. Qf5+ Kd6 25. Rxe8 Be3+
26. Rxe3 1-0

[Event "Detroit (MI Action/3/1)"]
[Site "?"]
[Date "1995.??.??"]
[Round "?"]
[White "Thompson, Dexter"]
[Black "Herron, J."]
[Result "1-0"]
[WhiteElo "2225"]
[BlackElo "1750"]
[PlyCount "105"]
[EventDate "1995.??.??"]

{3/(1)} 1. e4 g6 2. d4 Bg7 3. Nc3 d6 4. f4 Nf6 5. Nf3 O-O 6. e5 dxe5 7. dxe5
Qxd1+ 8. Kxd1 Rd8+ 9. Ke1 Nd5 10. Nxd5 Rxd5 11. Bc4 Rc5 12. Bb3 Bf5 13. Be3 Ra5
14. Nd4 Be4 15. Bd2 Ra6 16. Bc4 Rb6 17. Bc3 Bxg2 18. Rg1 Be4 19. a4 Nc6 20. Nb5
e6 21. a5 Rxb5 22. Bxb5 Rd8 23. Bxc6 Bxc6 24. Ke2 Kf8 25. Rad1 Rxd1 26. Rxd1
Ke8 27. Bb4 h5 28. h4 Bf8 29. Bxf8 Kxf8 30. Rd8+ Ke7 31. Ra8 a6 32. c4 Kd7 33.
b4 Ba4 34. Ke3 Bc6 35. Kd4 Ba4 36. Kc5 Bc6 37. Rh8 Ke7 38. b5 axb5 39. cxb5 Bd5
40. b6 cxb6+ 41. Kxb6 Kd7 42. Rf8 Ke7 43. Rb8 f6 44. Rxb7+ Bxb7 45. Kxb7 fxe5
46. fxe5 g5 47. a6 gxh4 48. a7 Kf7 49. a8=Q Kg6 50. Qf8 Kg5 51. Qf6+ Kg4 52.
Qxe6+ Kg3 53. Qg6+ 1-0

[Event "Detroit (WCO/3/4)"]
[Site "?"]
[Date "1995.??.??"]
[Round "?"]
[White "Thompson, Dexter"]
[Black "Gentry, Loyd"]
[Result "1-0"]
[WhiteElo "2250"]
[BlackElo "1605"]
[PlyCount "91"]
[EventDate "1995.??.??"]

{3/(4)} 1. e4 c5 2. d4 cxd4 3. c3 dxc3 4. Nxc3 Nc6 5. Nf3 e6 6. Bc4 Be7 7. O-O
Nf6 8. Qe2 O-O 9. e5 Ne8 10. Rd1 a6 11. Bf4 b5 12. Bb3 Bb7 13. Rac1 Rc8 14. a3
f6 15. Bxe6+ Kh8 16. Rxd7 Qb6 17. Nd5 Nd4 18. Nxb6 Nxe2+ 19. Kf1 Rxc1+ 20. Bxc1
Bxf3 21. Rxe7 Bxg2+ 22. Kxg2 Nxc1 23. Nd7 Rg8 24. Bxg8 Kxg8 25. Rxe8+ Kf7 26.
Rc8 Nd3 27. exf6 gxf6 28. b4 Nf4+ 29. Kf3 Ne6 30. Nc5 Ng5+ 31. Ke2 Kg6 32. Nxa6
Ne4 33. Nc7 Nd6 34. Ra8 h6 35. Ra6 Ne4 36. Nxb5 Kg5 37. Ke3 f5 38. f4+ Kh5 39.
Nd4 Kg4 40. h3+ Kxh3 41. Nxf5 Nc3 42. Kf3 h5 43. Rh6 Kh2 44. Rxh5+ Kg1 45. Ng3
Ne2 46. Rh1# 1-0